[Event "CAN-ch University"]
[Site "Ottawa CAN"]
[Date "2018.01.13"]
[Round "3"]
[White "Yao, Houji"]
[Black "Zhang, Jikai"]
[Result "1-0"]
[WhiteElo "2096"]
[BlackElo "2200"]
[PlyCount "67"]
[EventDate "2018.01.13"]
[EventType "team"]
[EventRounds "5"]
[EventCountry "CAN"]

1. e4 c5 2. Nf3 e6 3. d4 cxd4 4. Nxd4 a6 5. Bd3 Qc7 6. O-O Nc6 7. Be3 Nf6 8.
Qe2 b5 9. Nd2 Bb7 10. Rac1 h5 11. h3 Bd6 12. c4 b4 13. c5 Bh2+ 14. Kh1 Ng4 15.
Nxc6 Bxc6 16. Nc4 d5 17. cxd6 Bxd6 18. Bb6 Qb8 19. Nxd6+ Qxd6 20. f4 e5 21. Bc5
Qh6 22. Bxa6 exf4 23. Bxb4 Ne5 24. Bc3 Nd7 25. b4 Qe6 26. Rxf4 O-O 27. Bc4 Qg6
28. Rcf1 Nf6 29. Bxf6 gxf6 30. Rxf6 Qxe4 31. Rxf7 Rxf7 32. Qxe4 Bxe4 33. Rxf7
Kh8 34. Re7 1-0

[Event "CAN-ch University"]
[Site "Ottawa CAN"]
[Date "2018.01.14"]
[Round "4"]
[White "Bassel, Charaf"]
[Black "Shi, Diwen"]
[Result "1/2-1/2"]
[WhiteElo "2201"]
[BlackElo "2288"]
[PlyCount "50"]
[EventDate "2018.01.13"]
[EventType "team"]
[EventRounds "5"]
[EventCountry "CAN"]

1. b3 Nf6 2. Bb2 g6 3. Bxf6 exf6 4. c4 Bg7 5. Nc3 f5 6. Rc1 Nc6 7. g3 b6 8. Bg2
Bb7 9. Nf3 O-O 10. O-O Re8 11. e3 Ne7 12. d4 Nc8 13. c5 d6 14. b4 a5 15. cxb6
Nxb6 16. b5 Qf6 17. Qc2 g5 18. Rfd1 Re7 19. d5 Rae8 20. Nd4 Re5 21. Nc6 Bxc6
22. dxc6 f4 23. exf4 gxf4 24. Nd5 Nxd5 25. Rxd5 fxg3 1/2-1/2

[Event "CAN-ch University"]
[Site "Ottawa CAN"]
[Date "2018.01.14"]
[Round "4"]
[White "Cova, Ramon"]
[Black "Nasir, Zehn"]
[Result "0-1"]
[WhiteElo "2035"]
[BlackElo "2261"]
[PlyCount "64"]
[EventDate "2018.01.13"]
[EventType "team"]
[EventRounds "5"]
[EventCountry "CAN"]

1. d4 Nf6 2. Nf3 e6 3. Bf4 c5 4. e3 Qb6 5. Qc1 Nc6 6. c3 d5 7. Bd3 Be7 8. h3
Bd7 9. Nbd2 Rc8 10. O-O O-O 11. Rb1 cxd4 12. exd4 Nb4 13. Bc2 Nxc2 14. Qxc2 Qa6
15. Ra1 Bb5 16. Rfe1 Bd3 17. Qc1 b5 18. a3 Qb7 19. Ne5 Bf5 20. g4 Bg6 21. h4 h5
22. Nxg6 fxg6 23. g5 Nd7 24. Bg3 Qb6 25. Qb1 Rf5 26. Qd3 Rcf8 27. Re3 R8f7 28.
Rae1 Nf8 29. Nf3 Bd6 30. Bxd6 Qxd6 31. Ne5 Rxf2 32. Nxf7 Qh2# 0-1

[Event "CAN-ch University"]
[Site "Ottawa CAN"]
[Date "2018.01.14"]
[Round "4"]
[White "D'Souza, Justin"]
[Black "Miller, Rachel"]
[Result "0-1"]
[WhiteElo "1902"]
[BlackElo "2164"]
[PlyCount "71"]
[EventDate "2018.01.13"]
[EventType "team"]
[EventRounds "5"]
[EventCountry "CAN"]

1. c4 c5 2. g3 Nc6 3. Nc3 Nf6 4. Bg2 b6 5. e3 e6 6. d4 cxd4 7. exd4 Bb7 8. Nge2
Na5 9. Bxb7 Nxb7 10. O-O Be7 11. d5 Nd6 12. Qd3 O-O 13. Bf4 Nfe8 14. Rfd1 Qc8
15. b3 f6 16. Bxd6 Nxd6 17. Rac1 e5 18. f4 Nf7 19. Kg2 Bc5 20. Ne4 d6 21. Nxc5
bxc5 22. f5 Re8 23. Nc3 e4 24. Nxe4 Qxf5 25. Nxc5 Qxd3 26. Nxd3 Re2+ 27. Kf3
Rae8 28. Nf4 R8e3+ 29. Kg4 h5+ 30. Nxh5 f5+ 31. Kxf5 Re5+ 32. Kg4 Nh6+ 33. Kf3
R2e3+ 34. Kg2 Rxh5 35. Kf2 Nf5 36. h3 0-1

[Event "CAN-ch University"]
[Site "Ottawa CAN"]
[Date "2018.01.14"]
[Round "4"]
[White "Dukic, Zachary"]
[Black "Cormier, Adam"]
[Result "1-0"]
[WhiteElo "2222"]
[BlackElo "2132"]
[PlyCount "79"]
[EventDate "2018.01.13"]
[EventType "team"]
[EventRounds "5"]
[EventCountry "CAN"]

1. e4 c5 2. Nf3 d6 3. d4 cxd4 4. Nxd4 Nf6 5. Nc3 a6 6. Bg5 Nbd7 7. Qe2 h6 8.
Bh4 e6 9. f4 Qc7 10. O-O-O Be7 11. Kb1 O-O 12. g4 b5 13. a3 Rb8 14. Be1 Nc5 15.
h4 Nfxe4 16. g5 Nxc3+ 17. Bxc3 Na4 18. Be1 d5 19. gxh6 g6 20. Rg1 b4 21. Qd3
Kh7 22. h5 Rg8 23. axb4 Bxb4 24. Nb3 Bxe1 25. Rxe1 Qxf4 26. hxg6+ fxg6 27. Qe3
Qf6 28. Qe5 Rf8 29. Bd3 Qxe5 30. Bxg6+ Kxh6 31. Rxe5 Rf6 32. Be8 Kh7 33. Rh5+
Rh6 34. Bg6+ Kg7 35. Bd3+ Kf6 36. Rxh6+ Ke5 37. Re1+ Kd6 38. Bf5 Rb6 39. Bxe6
Kc7 40. Rh7+ 1-0

[Event "CAN-ch University"]
[Site "Ottawa CAN"]
[Date "2018.01.14"]
[Round "4"]
[White "Gibson, Kevin"]
[Black "Dunne, Francesco"]
[Result "1-0"]
[WhiteElo "2164"]
[BlackElo "2210"]
[PlyCount "71"]
[EventDate "2018.01.13"]
[EventType "team"]
[EventRounds "5"]
[EventCountry "CAN"]

1. d4 Nf6 2. Nf3 e6 3. g3 d5 4. Bg2 Be7 5. O-O O-O 6. c4 dxc4 7. Ne5 c5 8. dxc5
Qc7 9. Nxc4 Qxc5 10. Qb3 Nc6 11. Be3 Qh5 12. Nc3 e5 13. Nd5 Nxd5 14. Bxd5 Rd8
15. Bf3 Qf5 16. Rfd1 Be6 17. Qxb7 e4 18. Bg2 Bd5 19. Bh3 Qh5 20. Bg4 Qxg4 21.
Rxd5 Rdc8 22. Ne5 Nxe5 23. Rxe5 Bf6 24. Rxe4 Qxe2 25. Bd4 Qf3 26. Re8+ Rxe8 27.
Qxf3 Bxd4 28. Rd1 Rad8 29. Rd2 g6 30. Qd1 Bb6 31. Rxd8 Rxd8 32. Qe2 Rd4 33. a3
h5 34. h4 Rg4 35. Kg2 f5 36. f4 1-0

[Event "CAN-ch University"]
[Site "Ottawa CAN"]
[Date "2018.01.14"]
[Round "4"]
[White "Gladstone, Simon"]
[Black "Dagan, Alfred"]
[Result "1-0"]
[WhiteElo "2164"]
[BlackElo "1922"]
[PlyCount "25"]
[EventDate "2018.01.13"]
[EventType "team"]
[EventRounds "5"]
[EventCountry "CAN"]

1. e4 e5 2. Nf3 Nc6 3. Bc4 Nf6 4. d4 exd4 5. O-O Bc5 6. e5 d5 7. exf6 dxc4 8.
fxg7 Rg8 9. Re1+ Be6 10. Bg5 Qd6 11. Nbd2 Rxg7 12. Ne4 Qf8 13. Nf6+ 1-0

[Event "CAN-ch University"]
[Site "Ottawa CAN"]
[Date "2018.01.14"]
[Round "4"]
[White "Knox, Christopher"]
[Black "Marinkovic, Mate"]
[Result "0-1"]
[WhiteElo "2345"]
[BlackElo "2243"]
[PlyCount "70"]
[EventDate "2018.01.13"]
[EventType "team"]
[EventRounds "5"]
[EventCountry "CAN"]

1. d4 d5 2. c4 c6 3. Nf3 Nf6 4. e3 e6 5. Bd3 Nbd7 6. b3 Ne4 7. Nbd2 f5 8. Bb2
Bd6 9. Ne5 Nxe5 10. dxe5 Bb4 11. Bxe4 fxe4 12. O-O O-O 13. a3 Ba5 14. b4 Bc7
15. Qg4 a5 16. c5 Qe7 17. Bd4 Rf5 18. f4 exf3 19. Nxf3 Bd7 20. e4 h5 21. Qg3
dxe4 22. Nd2 Rg5 23. Qc3 Rg4 24. h3 Rg6 25. Nxe4 Qh4 26. Qf3 Kh7 27. Rae1 axb4
28. Qf7 Be8 29. Qxc7 Rxa3 30. Bc3 bxc3 31. Nf6+ Kh6 32. Ng8+ Kh7 33. Nf6+ Kh8
34. Rf2 c2 35. Qe7 Rxg2+ 0-1

[Event "CAN-ch University"]
[Site "Ottawa CAN"]
[Date "2018.01.14"]
[Round "4"]
[White "Law, James"]
[Black "Nah, James"]
[Result "1-0"]
[WhiteElo "1398"]
[BlackElo "1595"]
[PlyCount "91"]
[EventDate "2018.01.13"]
[EventType "team"]
[EventRounds "5"]
[EventCountry "CAN"]

1. d4 d5 2. c4 e6 3. Bf4 Nf6 4. Nc3 c6 5. e3 Be7 6. Nf3 Nbd7 7. cxd5 exd5 8.
Bd3 O-O 9. O-O Re8 10. Qc2 Nf8 11. h3 Ng6 12. Bg3 Bd6 13. Bxd6 Qxd6 14. a3 Bd7
15. b4 a6 16. a4 Rac8 17. Qb3 Ne4 18. Bxe4 dxe4 19. Ng5 Be6 20. Ngxe4 Qe7 21.
Qb2 Bf5 22. Ng3 Be6 23. Rfc1 Qd7 24. Kh2 f5 25. Nce2 Qd6 26. Kg1 Rf8 27. Nh5
Nh4 28. d5 Rc7 29. dxe6 Qxe6 30. Qa2 Qxa2 31. Rxa2 Rd8 32. Nd4 Kf7 33. Nf4 Re7
34. g3 Ng6 35. Nxg6 hxg6 36. Rc5 Kf6 37. b5 cxb5 38. axb5 axb5 39. Rxb5 Rc8 40.
Ra7 Rc1+ 41. Kg2 Rec7 42. Raxb7 R7c4 43. h4 Ra1 44. R5b6+ Ke5 45. Re6+ Kd5 46.
Rd7+ 1-0

[Event "CAN-ch University"]
[Site "Ottawa CAN"]
[Date "2018.01.14"]
[Round "4"]
[White "Lin, Tony (Juntao)"]
[Black "Yao, Houji"]
[Result "1/2-1/2"]
[WhiteElo "2251"]
[BlackElo "2096"]
[PlyCount "39"]
[EventDate "2018.01.13"]
[EventType "team"]
[EventRounds "5"]
[EventCountry "CAN"]

1. d4 Nf6 2. c4 g6 3. Nc3 d5 4. Nf3 Bg7 5. Bg5 Ne4 6. cxd5 Nxg5 7. Nxg5 c5 8.
dxc5 Na6 9. Qa4+ Qd7 10. Qc4 O-O 11. e4 Qc7 12. Be2 Qxc5 13. O-O Bd7 14. Nf3 e6
15. Rfd1 exd5 16. Qxd5 Bc6 17. Qxc5 Nxc5 18. Nd4 Bxe4 19. Nxe4 Nxe4 20. Bf3
1/2-1/2

[Event "CAN-ch University"]
[Site "Ottawa CAN"]
[Date "2018.01.14"]
[Round "4"]
[White "Qin, Zi Yi (Joey)"]
[Black "Sprumont, Oscar"]
[Result "1/2-1/2"]
[WhiteElo "2502"]
[BlackElo "2216"]
[PlyCount "112"]
[EventDate "2018.01.13"]
[EventType "team"]
[EventRounds "5"]
[EventCountry "CAN"]

1. Nf3 Nf6 2. c4 g6 3. b4 Bg7 4. Bb2 O-O 5. g3 d5 6. cxd5 Nxd5 7. Bxg7 Kxg7 8.
Qb3 Qd6 9. b5 e5 10. Bg2 f6 11. O-O Be6 12. Qb2 Nd7 13. e4 N5b6 14. d4 Bf7 15.
Rd1 Qe7 16. Nc3 Rfd8 17. a4 exd4 18. Nxd4 Ne5 19. a5 Nbc4 20. Qe2 c5 21. bxc6
Nxc6 22. Nxc6 bxc6 23. a6 Rab8 24. Rxd8 Rxd8 25. Bf1 Qb4 26. Rd1 Rxd1 27. Nxd1
Qd2 28. Qxd2 Nxd2 29. Bd3 c5 30. Nc3 c4 31. Bc2 Be8 32. f4 Nb3 33. Kf2 Bc6 34.
Ke3 Kf7 35. Bxb3 cxb3 36. Kd3 Bd7 37. Kc4 Be6+ 38. Kb4 Ke7 39. Ka3 Bc4 40. Kb4
Be6 41. Ka3 Bc4 42. Nb1 Kd6 43. Nd2 Bxa6 44. Kxb3 Be2 45. Kb4 a5+ 46. Kxa5 Kc5
47. e5 fxe5 48. fxe5 Kd5 49. Kb4 Kxe5 50. Kc3 g5 51. Nb3 Ke4 52. Kd2 Bc4 53.
Nc5+ Kf3 54. Nd7 Kg2 55. Nf6 h6 56. h4 gxh4 1/2-1/2

[Event "CAN-ch University"]
[Site "Ottawa CAN"]
[Date "2018.01.14"]
[Round "4"]
[White "Song, Terry"]
[Black "Voloaca, Mihnea"]
[Result "0-1"]
[WhiteElo "2307"]
[BlackElo "2337"]
[PlyCount "114"]
[EventDate "2018.01.13"]
[EventType "team"]
[EventRounds "5"]
[EventCountry "CAN"]

1. e4 Nc6 2. Nf3 d6 3. d4 Bg4 4. Be3 Nf6 5. Nc3 e5 6. d5 Nb8 7. Be2 Be7 8. Nd2
Bxe2 9. Qxe2 c6 10. Rd1 O-O 11. dxc6 bxc6 12. Nc4 Qc7 13. O-O Ne8 14. f4 f6 15.
Rf3 Nd7 16. f5 Rd8 17. Rh3 Rf7 18. Qh5 Nf8 19. b3 Qb7 20. g4 d5 21. g5 Bb4 22.
Na4 Rfd7 23. a3 Be7 24. Na5 Qb5 25. g6 Bxa3 26. gxh7+ Kh8 27. Nc4 dxc4 28. Rxd7
Rxd7 29. Qxe8 cxb3 30. cxb3 Qe2 31. Nc3 Qe1+ 32. Kg2 Qxc3 33. Rg3 Qc2+ 34. Kf3
Qd1+ 35. Kg2 Qc2+ 36. Kf3 Qxb3 37. Kg4 Qf7 38. Qb8 Rb7 39. Qc8 Qd7 40. Qa8 Bd6
41. h4 Rb8 42. Qxa7 Qxa7 43. Bxa7 Rb4 44. Kh5 c5 45. Rd3 Be7 46. Rd5 Rc4 47.
Bb6 Rd4 48. Bxc5 Bxc5 49. Rxc5 Kxh7 50. Rc7 Nd7 51. Rc8 Nb6 52. Rc7 Nc4 53. Rc8
Nd2 54. Rc7 Nxe4 55. Rc2 Rd3 56. Rc1 Nd6 57. Rf1 Nxf5 0-1

[Event "CAN-ch University"]
[Site "Ottawa CAN"]
[Date "2018.01.14"]
[Round "4"]
[White "Tomb, Maroun"]
[Black "Song, Michael"]
[Result "1/2-1/2"]
[WhiteElo "2290"]
[BlackElo "2558"]
[PlyCount "122"]
[EventDate "2018.01.13"]
[EventType "team"]
[EventRounds "5"]
[EventCountry "CAN"]

1. e4 c5 2. Ne2 e6 3. d4 cxd4 4. Nxd4 Nc6 5. Nc3 Qc7 6. g3 a6 7. Bg2 Nf6 8. O-O
d6 9. Nce2 Nxd4 10. Nxd4 Be7 11. b3 h5 12. h4 Ng4 13. c4 Bd7 14. f3 Nf6 15. Be3
Rc8 16. Rc1 O-O 17. Kh2 Qb8 18. Bg5 b5 19. cxb5 axb5 20. Qd2 Qa7 21. Rfd1 Qa3
22. Bf1 b4 23. Nb5 Bxb5 24. Bxb5 Qa7 25. Be3 Qb7 26. Qe2 Qb8 27. Bd4 Rfd8 28.
Ba6 Rxc1 29. Rxc1 e5 30. Bb2 Qb6 31. Bc4 Qa7 32. Rd1 Ra8 33. Ra1 Qc5 34. Qd2
Kf8 35. Kg2 Bd8 36. Qf2 Bb6 37. Qxc5 Bxc5 38. Kf1 Ke7 39. Ke2 Nd7 40. f4 f6 41.
Kf3 Nb6 42. Be2 g5 43. hxg5 fxg5 44. Bb5 g4+ 45. Kg2 Rf8 46. f5 Be3 47. a3 Rc8
48. Bd3 bxa3 49. Rxa3 Bd4 50. Ra7+ Kf8 51. Ba3 Nc4 52. Bxc4 Bxa7 53. Bxd6+ Kg7
54. Bxe5+ Kh6 55. Bf4+ Kg7 56. e5 Bd4 57. f6+ Kg6 58. Bd3+ Kf7 59. Bc4+ Kg6 60.
Bd3+ Kf7 61. Bc4+ Kg6 1/2-1/2

[Event "CAN-ch University"]
[Site "Ottawa CAN"]
[Date "2018.01.14"]
[Round "4"]
[White "Zhang, Jikai"]
[Black "Adamo, Brendan"]
[Result "1-0"]
[WhiteElo "2200"]
[BlackElo "1784"]
[PlyCount "27"]
[EventDate "2018.01.13"]
[EventType "team"]
[EventRounds "5"]
[EventCountry "CAN"]

1. e4 e5 2. Nf3 Nc6 3. Bb5 Bc5 4. O-O Nge7 5. c3 a6 6. Ba4 b5 7. Bb3 Ng6 8. d4
exd4 9. cxd4 Bb6 10. Ng5 Nxd4 11. Nxf7 Qh4 12. Bg5 Nxb3 13. Bxh4 Nxa1 14. Nxh8
1-0

[Event "CAN-ch University"]
[Site "Ottawa CAN"]
[Date "2018.01.14"]
[Round "4"]
[White "Zhao, Jim"]
[Black "Adriaanse, Adam"]
[Result "0-1"]
[WhiteElo "2271"]
[BlackElo "2088"]
[PlyCount "86"]
[EventDate "2018.01.13"]
[EventType "team"]
[EventRounds "5"]
[EventCountry "CAN"]

1. e4 c5 2. d4 cxd4 3. c3 d5 4. exd5 Qxd5 5. cxd4 Nc6 6. Nf3 e6 7. a3 Nf6 8.
Nc3 Qd6 9. Bc4 Be7 10. O-O a6 11. Bg5 O-O 12. Qd3 b5 13. Ba2 Bb7 14. Rad1 Rfd8
15. Bb1 g6 16. Rfe1 Rac8 17. Qd2 Na5 18. Ne5 Nc4 19. Qe2 Nxe5 20. dxe5 Qc6 21.
Qf1 Nd5 22. Bxe7 Nxe7 23. Ne4 Nf5 24. Nf6+ Kg7 25. Rc1 Qb6 26. Rxc8 Bxc8 27. g4
Nd4 28. Qh3 h6 29. Be4 Bb7 30. Qe3 Bxe4 31. Nxe4 Qc7 32. Nd6 Nc2 33. Rc1 Qxd6
34. Qc3 Qd4 35. Qxc2 Qxg4+ 36. Kf1 Qh3+ 37. Kg1 Rd4 38. Kh1 Rh4 39. f4 Rxf4 40.
Qg2 Qxg2+ 41. Kxg2 Re4 42. Rc6 Rxe5 43. Rxa6 Re2+ 0-1

[Event "CAN-ch University"]
[Site "Ottawa CAN"]
[Date "2018.01.14"]
[Round "5"]
[White "Dukic, Zachary"]
[Black "Qin, Zi Yi (Joey)"]
[Result "0-1"]
[WhiteElo "2222"]
[BlackElo "2502"]
[PlyCount "62"]
[EventDate "2018.01.13"]
[EventType "team"]
[EventRounds "5"]
[EventCountry "CAN"]

1. e4 c5 2. Nf3 d6 3. d4 cxd4 4. Nxd4 Nf6 5. Nc3 a6 6. Bg5 e6 7. f4 Be7 8. Qf3
Qc7 9. O-O-O Nbd7 10. f5 Ne5 11. Qh3 Nfg4 12. Bxe7 Qxe7 13. Qg3 O-O 14. Qf4 Nf6
15. Rg1 b5 16. g4 b4 17. Nce2 Bb7 18. Ng3 Rfc8 19. g5 Ne8 20. Bh3 Nc7 21. Nh5
Qf8 22. Qh4 Kh8 23. Rdf1 Nb5 24. Ne2 Rc4 25. Rf4 Nd3+ 26. Kb1 Nxf4 27. Nexf4
Bxe4 28. Nf6 gxf6 29. gxf6 Bxc2+ 30. Ka1 Be4 31. Nh5 Qh6 0-1

[Event "CAN-op"]
[Site "Quebec CAN"]
[Date "2018.07.07"]
[Round "1.1"]
[White "Zhao, Ian"]
[Black "Sambuev, Bator"]
[Result "0-1"]
[WhiteElo "1951"]
[BlackElo "2514"]
[PlyCount "96"]
[EventDate "2018.07.07"]
[EventType "swiss"]
[EventRounds "9"]
[EventCountry "CAN"]

1. e4 e6 2. d3 c5 3. Nf3 Nc6 4. g3 g6 5. Bg2 Bg7 6. O-O Nge7 7. c3 O-O 8. Be3
b6 9. d4 d6 10. Re1 Bb7 11. Nbd2 cxd4 12. Nxd4 Rc8 13. a4 d5 14. Nxc6 Bxc6 15.
Qb3 h6 16. a5 bxa5 17. Bxa7 a4 18. Qa3 Re8 19. Rad1 Qc7 20. Bc5 dxe4 21. Nxe4
Nf5 22. Nd6 Bxg2 23. Nxe8 Qc6 24. Nd6 Bh1 25. f3 Qxf3 26. Rd2 Nxd6 27. Bxd6 Qc6
28. Qc5 Qa8 29. Qe3 Rc4 30. Be7 Bd5 31. Ba3 Qb7 32. Red1 Kh7 33. Rf1 h5 34. Qf2
f5 35. Rfd1 h4 36. Bc5 Rg4 37. Bd4 Qc7 38. Bxg7 hxg3 39. hxg3 Rxg3+ 40. Kf1
Kxg7 41. Qd4+ Kf7 42. Rh2 Rf3+ 43. Rf2 Rh3 44. Rf4 a3 45. c4 Rh1+ 46. Ke2 Rxd1
47. Kxd1 a2 48. b3 Qxf4 0-1

[Event "CAN-op"]
[Site "Quebec CAN"]
[Date "2018.07.07"]
[Round "1.3"]
[White "Boshoff, Thomas"]
[Black "Fedorowicz, John"]
[Result "0-1"]
[WhiteElo "1939"]
[BlackElo "2425"]
[PlyCount "76"]
[EventDate "2018.07.07"]
[EventType "swiss"]
[EventRounds "9"]
[EventCountry "CAN"]

1. e4 c5 2. d4 cxd4 3. c3 Nf6 4. Bc4 d6 5. Qe2 Nc6 6. Nf3 Bg4 7. h3 Bh5 8. O-O
e6 9. Bg5 Be7 10. Rd1 O-O 11. cxd4 d5 12. exd5 Nxd5 13. Bxe7 Ncxe7 14. Nbd2 Qb6
15. Qe5 Bg6 16. Nb3 a5 17. Nh4 a4 18. Bxd5 Nxd5 19. Nxg6 hxg6 20. Nc5 Rfd8 21.
b3 a3 22. Rac1 Nb4 23. Rd2 Rd5 24. Qe3 Rad8 25. Rcd1 Nc6 26. Qc3 e5 27. Na4 Qb4
28. Qc1 Nxd4 29. Nc3 Rc5 30. Rd3 Ne2+ 31. Nxe2 Rxd3 32. Qb1 Rd2 33. Ng3 Qf4 34.
Rxd2 Qxd2 35. Qe4 Rc1+ 36. Nf1 Qd1 37. Qh4 Qxf1+ 38. Kh2 Rc8 0-1

[Event "CAN-op"]
[Site "Quebec CAN"]
[Date "2018.07.07"]
[Round "1.4"]
[White "Cherniaev, Alexander"]
[Black "Auger, Bertrand"]
[Result "1-0"]
[WhiteElo "2421"]
[BlackElo "1935"]
[PlyCount "87"]
[EventDate "2018.07.07"]
[EventType "swiss"]
[EventRounds "9"]
[EventCountry "CAN"]

1. b3 e5 2. Bb2 Nc6 3. e3 g6 4. f4 Bg7 5. Nf3 d6 6. Bb5 Nge7 7. O-O O-O 8. fxe5
dxe5 9. e4 Nd4 10. Be2 c5 11. Na3 Nec6 12. c3 Ne6 13. Re1 Nf4 14. Bf1 Bg4 15.
h3 Be6 16. d3 g5 17. Nc4 h5 18. Nh2 g4 19. hxg4 hxg4 20. Nxg4 Qh4 21. Nce3 f5
22. exf5 Bxf5 23. Ba3 Qg3 24. Qf3 Qxf3 25. gxf3 Bxd3 26. Bxc5 Rfd8 27. Nf2 Bxf1
28. Nxf1 Rd5 29. Be3 Rad8 30. Rac1 Nd3 31. Nxd3 Rxd3 32. Ng3 b6 33. Rc2 Ne7 34.
c4 Kf7 35. Kf2 R8d7 36. Ke2 R3d6 37. Rd2 Rxd2+ 38. Bxd2 Nc6 39. Bc3 Bh6 40. Rh1
Kg6 41. Ne4 Bf4 42. Rh8 Ne7 43. Rf8 Nf5 44. Rf6+ 1-0

[Event "CAN-op"]
[Site "Quebec CAN"]
[Date "2018.07.07"]
[Round "1.5"]
[White "Malakhovets, Sergey"]
[Black "Bitan, Banerjee"]
[Result "0-1"]
[WhiteElo "1923"]
[BlackElo "2398"]
[PlyCount "96"]
[EventDate "2018.07.07"]
[EventType "swiss"]
[EventRounds "9"]
[EventCountry "CAN"]

1. d4 Nf6 2. Nf3 g6 3. Bg5 Bg7 4. Nbd2 O-O 5. c3 c5 6. Bxf6 exf6 7. dxc5 d6 8.
Nb3 d5 9. e3 Be6 10. Be2 Nd7 11. O-O Rc8 12. Nfd4 Nxc5 13. Nxc5 Rxc5 14. Qb3
Qc7 15. Rad1 f5 16. Bf3 a6 17. Rd2 Rb8 18. Qd1 Rd8 19. Qe2 Bf6 20. Rfd1 Qb6 21.
Nb3 Rb5 22. Qf1 Qc7 23. g3 Kg7 24. Qg2 a5 25. Bxd5 Bxd5 26. Rxd5 a4 27. Rxd8
Bxd8 28. Nd4 Rxb2 29. Qd5 Bf6 30. h4 Qxc3 31. h5 Rb6 32. Kg2 Qc7 33. Rh1 Rd6
34. h6+ Kf8 35. Qb5 Bxd4 36. exd4 Rxd4 37. Rb1 Qc6+ 38. Qxc6 bxc6 39. Rb8+ Ke7
40. Rh8 Rd8 41. Rxh7 c5 42. Rg7 Kf6 43. f3 c4 44. g4 fxg4 45. fxg4 c3 46. g5+
Ke7 47. h7 c2 48. Rg8 c1=Q 0-1

[Event "CAN-op"]
[Site "Quebec CAN"]
[Date "2018.07.07"]
[Round "1.6"]
[White "Mulyar, Michael"]
[Black "Leger, Manon"]
[Result "1-0"]
[WhiteElo "2385"]
[BlackElo "1911"]
[PlyCount "39"]
[EventDate "2018.07.07"]
[EventType "swiss"]
[EventRounds "9"]
[EventCountry "CAN"]

1. d4 d5 2. c4 c6 3. cxd5 cxd5 4. Nc3 Nf6 5. Bf4 a6 6. e3 Nc6 7. Bd3 Bg4 8.
Nge2 e6 9. O-O Be7 10. Rc1 O-O 11. a3 Rc8 12. Na4 b5 13. Nc5 Bxc5 14. Rxc5 Ne4
15. Bxe4 dxe4 16. h3 Bxe2 17. Qxe2 f5 18. Rfc1 Qd7 19. a4 Na7 20. Rc7 1-0

[Event "CAN-op"]
[Site "Quebec CAN"]
[Date "2018.07.07"]
[Round "1.10"]
[White "Itkin, David"]
[Black "Li, Eric M"]
[Result "1/2-1/2"]
[WhiteElo "2239"]
[BlackElo "1880"]
[PlyCount "158"]
[EventDate "2018.07.07"]
[EventType "swiss"]
[EventRounds "9"]
[EventCountry "CAN"]

1. e4 c5 2. Nf3 Nc6 3. Nc3 e6 4. d4 cxd4 5. Nxd4 Qc7 6. Be2 a6 7. O-O Nf6 8.
Kh1 b5 9. f4 b4 10. e5 bxc3 11. exf6 gxf6 12. bxc3 Bb7 13. Bf3 Be7 14. Rb1 Rc8
15. Re1 Ba8 16. Be3 Rg8 17. Qd3 f5 18. Nxf5 exf5 19. Qxf5 Qd6 20. Rbd1 Qe6 21.
Qxh7 Qg6 22. Qh3 Qe6 23. Qh5 Qg6 24. Qh3 Qe6 25. f5 Qf6 26. Bf4 Kd8 27. Rd3 d6
28. Red1 Ne5 29. Bxe5 Qxe5 30. Bxa8 Rxa8 31. Qf3 Rc8 32. Re3 Qf6 33. Rde1 Re8
34. Qd5 Rc5 35. Qa8+ Kd7 36. Qb7+ Rc7 37. Qxa6 Qxf5 38. Qa4+ Kd8 39. h3 Qd5 40.
Rd3 Qc6 41. Qf4 Rg8 42. Rf3 Bg5 43. Qg3 Rg6 44. Qf2 Qc4 45. Rb1 Ke7 46. Rf1 Kf8
47. a4 Rg7 48. Qb6 Qc6 49. Qd4 Qc5 50. Qe4 Qc4 51. Qa8+ Rc8 52. Qb7 f6 53. Qb6
Qc6 54. Qd4 Qc5 55. Qg4 Qc4 56. Qg3 Rc6 57. Rd3 Kg8 58. Qf3 Qxa4 59. Rfd1 Qa6
60. Qd5+ Kh8 61. Qe6 Qc8 62. Qe2 Bf4 63. Rd4 Be5 64. Rh4+ Kg8 65. Qd3 Rc5 66.
c4 Qc6 67. Qe2 Ra5 68. Rb1 Ra8 69. Rg4 Rc8 70. Rxg7+ Kxg7 71. Qg4+ Kf8 72. Qg6
Qxc4 73. Qh6+ Ke7 74. Qh7+ Ke8 75. Qb7 Qxc2 76. Rf1 Qc6 77. Qb1 Qc2 78. Qb7 Qc4
79. Qb1 Qc2 1/2-1/2

[Event "CAN-op"]
[Site "Quebec CAN"]
[Date "2018.07.07"]
[Round "1.11"]
[White "Lehingrat, Callum"]
[Black "Doknjas, Joshua"]
[Result "1-0"]
[WhiteElo "1853"]
[BlackElo "2216"]
[PlyCount "91"]
[EventDate "2018.07.07"]
[EventType "swiss"]
[EventRounds "9"]
[EventCountry "CAN"]

1. d4 d5 2. c4 c6 3. Nf3 Nf6 4. Qc2 g6 5. Bf4 dxc4 6. Qxc4 Be6 7. Qc2 Bf5 8.
Qc1 Bg7 9. Nc3 Bg4 10. e3 Bxf3 11. gxf3 Nbd7 12. Bg3 Nh5 13. f4 O-O 14. Bg2 e6
15. O-O c5 16. d5 exd5 17. Nxd5 f5 18. Rd1 Rb8 19. a4 Kh8 20. a5 Nxg3 21. hxg3
Rf7 22. Ra3 Qc8 23. Rad3 Nf6 24. Qc4 Nxd5 25. Rxd5 Rc7 26. b3 Bf6 27. e4 fxe4
28. Bxe4 Bd4 29. Rc1 Bf6 30. Rxc5 Rxc5 31. Qxc5 Qe6 32. Qxa7 Rd8 33. Qxb7 Bd4
34. Rc7 Qh3 35. Bg2 Qh5 36. Rd7 Qd1+ 37. Kh2 Qh5+ 38. Bh3 Rxd7 39. Qxd7 Bxf2
40. Qd8+ Kg7 41. Qe7+ Kg8 42. Kg2 Qd5+ 43. Kxf2 Qd2+ 44. Qe2 Qd4+ 45. Kf1 Qa1+
46. Kg2 1-0

[Event "CAN-op"]
[Site "Quebec CAN"]
[Date "2018.07.07"]
[Round "1.12"]
[White "Doknjas, John"]
[Black "James, Rowan"]
[Result "1-0"]
[WhiteElo "2206"]
[BlackElo "1823"]
[PlyCount "95"]
[EventDate "2018.07.07"]
[EventType "swiss"]
[EventRounds "9"]
[EventCountry "CAN"]

1. Nf3 d5 2. g3 Nf6 3. Bg2 e6 4. O-O Be7 5. d3 O-O 6. Nbd2 c5 7. e4 Nc6 8. Re1
b5 9. e5 Nd7 10. Nf1 f6 11. exf6 Nxf6 12. c3 Bd6 13. d4 Ne4 14. N1d2 Nxd2 15.
Bxd2 Qf6 16. Bg5 Qf7 17. Qe2 a6 18. Rad1 Bd7 19. dxc5 Bxc5 20. Bf4 Rae8 21. Ne5
Nxe5 22. Qxe5 Ba7 23. Qe2 Bc6 24. Be3 Bxe3 25. Qxe3 Qb7 26. Qd4 Rf6 27. Rd2 Qd7
28. Rde2 Kf7 29. f4 Re7 30. Bh3 g6 31. Re3 Bb7 32. g4 Qc7 33. f5 gxf5 34. gxf5
Bc8 35. fxe6+ Bxe6 36. Rxe6 Rexe6 37. Bxe6+ Rxe6 38. Qxd5 Qc6 39. Qxe6+ Qxe6
40. Rxe6 Kxe6 41. Kf2 Kd5 42. Ke3 Kc4 43. Kd2 a5 44. b3+ Kc5 45. Kd3 a4 46. b4+
Kd5 47. a3 h5 48. h4 1-0

[Event "CAN-op"]
[Site "Quebec CAN"]
[Date "2018.07.07"]
[Round "1.14"]
[White "Ouellet, Maili-Jade"]
[Black "Drkulec, Vladimir"]
[Result "1-0"]
[WhiteElo "2197"]
[BlackElo "1794"]
[PlyCount "69"]
[EventDate "2018.07.07"]
[EventType "swiss"]
[EventRounds "9"]
[EventCountry "CAN"]

1. d4 Nf6 2. c4 e6 3. Nc3 Bb4 4. e3 O-O 5. Bd3 d5 6. cxd5 exd5 7. Nge2 c5 8. a3
Bxc3+ 9. bxc3 Nc6 10. O-O Re8 11. f3 cxd4 12. cxd4 Ne7 13. g4 Nd7 14. Bd2 Nf8
15. Qe1 Bd7 16. Qg3 Neg6 17. Rab1 b6 18. g5 f6 19. h4 fxg5 20. hxg5 Rc8 21. Kg2
Ne7 22. e4 Be6 23. Rbc1 Qd7 24. Rh1 Bf7 25. Rcf1 Bg6 26. Qh4 Rc7 27. Bf4 dxe4
28. fxe4 Nd5 29. Bxc7 Qxc7 30. Rf3 Ne7 31. Nf4 Qd6 32. e5 Qc6 33. d5 Qc5 34.
Nxg6 Nexg6 35. Bxg6 1-0

[Event "CAN-op"]
[Site "Quebec CAN"]
[Date "2018.07.07"]
[Round "1.15"]
[White "Bernatchez, Dan"]
[Black "Tremblay, Rejean"]
[Result "1/2-1/2"]
[WhiteElo "1793"]
[BlackElo "2196"]
[PlyCount "59"]
[EventDate "2018.07.07"]
[EventType "swiss"]
[EventRounds "9"]
[EventCountry "CAN"]

1. d4 Nf6 2. Nf3 b6 3. g3 e6 4. Bg2 Bb7 5. O-O Be7 6. c4 O-O 7. Nc3 Ne4 8. Qc2
Nxc3 9. Qxc3 c5 10. e3 Be4 11. b3 Bf6 12. Bb2 Nc6 13. Rfd1 cxd4 14. exd4 Rc8
15. Ne5 Bxg2 16. Kxg2 d5 17. Qf3 Qd6 18. Ng4 Be7 19. cxd5 Qxd5 20. Qxd5 exd5
21. Ne3 Rfd8 22. Rac1 Bg5 23. f4 Bf6 24. Ng4 Be7 25. Ne5 Nb4 26. Ba3 Kf8 27.
Re1 f6 28. Nd3 Rxc1 29. Nxc1 Bd6 30. Re6 1/2-1/2